00482nam a2200181Ia 4500008004100000020001800041041000800059082001700067100001600084245003200100260003300132300000900165440001500174500002200189500005800211650001500269700001600284230125s9999 xx 000 0 und d a81-7314-036-7 aeng a658.406bRUS aRussell J N aManaging change pocket book c1997bResearch pressaMadras a106p aPocketbook aChange management aChange management;Series Book;Pocket Book Series Book aManagement aRussell J N